| 000 | 00482nam a2200193 a 4500 | ||
|---|---|---|---|
| 001 | 1770285652065 | ||
| 003 | YourLibrary | ||
| 005 | 20260205153741.0 | ||
| 008 | 260205s2008##################000#0#eng## | ||
| 020 | _a9780747596356 | ||
| 082 | 0 | 4 |
_a332.64 _bMEZ |
| 100 | 1 |
_aMezrich, Ben, _eauthor. |
|
| 245 | 1 | 0 | _aRigged : |
| 260 |
_bBloomsbury Paperbacks, _c2008. |
||
| 300 | _a304 pages | ||
| 650 | 0 | _aBusinessmen. | |
| 942 | _cENGLISH | ||
| 040 |
_aYourLibrary _beng _cYourLibrary |
||
| 999 |
_c610400 _d610400 |
||